| 000 | 00713nam a2200217Ia 4500 | ||
|---|---|---|---|
| 003 | GCL | ||
| 008 | 140319s9999 xx 000 0 ara d | ||
| 040 |
_aGCL / _cGCL |
||
| 082 | 0 | 4 |
_a347 _bت ح |
| 100 | 1 | _aتوفيق حسن فرج | |
| 245 | 1 | 0 |
_aالحقوق العينية الاصلية / _cتوفيق حسن فرج |
| 260 |
_a[S.N] : _bمؤسسة الثقافةالجامعية للطبع والنشر ، _c1986 |
||
| 300 | _a463 ص | ||
| 490 | _a | ||
| 650 | 0 | 4 | _aالقانون |
| 650 | 0 | 4 | _aالقانون المدنى |
| 650 | 0 | 4 | _aقانون الاجراءات المدنية |
| 650 | 0 | 4 | _aالحقوق العينية الاصلية |
| 650 | 0 | 4 | _aالحقوق العينية |
| 942 |
_2ddc _cBK |
||
| 999 |
_c56221 _d56221 |
||